| 000 | 01228cam a2200325 a 4500 | ||
|---|---|---|---|
| 008 | 150628s2008 fr b 000 0 fre | ||
| 020 | _a2090354577 | ||
| 020 | _a3125294800 | ||
| 020 | _a9782090354577 | ||
| 020 | _a9783125294806 | ||
| 040 |
_aEG-GiCUC _bfre _cEG-GiCUC |
||
| 092 | 0 | 4 |
_a448.007 _bG519 _221 |
| 099 |
_a04 _a448.007 G519 |
||
| 100 | 1 | _aGirardet, Jacky. | |
| 245 | 1 | 0 |
_aEcho : _bmethode de franca̧is; A1, A2 1 [Livre de l'e{u00B4}lev̀e] / _cJacky Girardet; Jacques Pe{u00B4}cheur. |
| 260 |
_aParis : _bCLE International [Stuttgart] Klett Sprachen, _c2008. |
||
| 300 |
_a2 v. (191 S. zahlr. Ill., Kt. 1 Beil. (23 S.); _c28 cm. |
||
| 500 | _a2. Verl. (Klett Sprachen) und 2. ISBN aufgeklebt | ||
| 590 | _aLibrary has v.1 only. | ||
| 650 | 0 |
_aFrench language _xAcquisition. |
|
| 650 | 0 |
_aFrench language _xErrors of usage. |
|
| 650 | 0 |
_aFrench language _xStudy and teaching (Higher) _xForeign speakers. |
|
| 650 | 0 |
_aFrench language _xStudy and teaching (Higher) _xManuals. |
|
| 700 | 1 | _aPe{u00B4}cheur, Jacques. | |
| 902 | _a1 | ||
| 905 |
_aEman _eRev. |
||
| 905 |
_aJamal _eCat. |
||
| 942 |
_2ddc _cBK |
||
| 999 |
_c139812 _d139812 |
||